Bundesliga: 400+ Matches (2000-) - Statistics

General Stats
  • This quiz has been taken 82 times
  • The average score is 6 of 8
Answer Stats
Ranking Player Positions Nationality Matches Goals (assists) Periods Clubs % Correct
1 Manuel Neuer GK 523 0 (0) 2006-2025
100%
2 Thomas Müller MF, FW 503 150 (174) 2008-2025
97%
5 Mats Hummels DF 442 33 (17) 2006-2024
91%
4 Claudio Pizarro FW 465 187 (57) 2000-2006, 2008-2020
81%
3 Oliver Baumann GK 489 0 (2) 2009-2025
76%
8 Stefan Kießling MF, FW 403 144 (51) 2002-2003, 2004-2018
49%
7 Gonzalo Castro DF, MF 420 38 (63) 2004-2018, 2020-2022
43%
6 Christian Gentner MF 430 46 (39) 2004-2015, 2017-2021
37%
No matching quizzes found
Score Distribution
Percent of People with Each Score
Percentile by Number Answered
Your Score History
You have not taken this quiz